Distritos de Sobral em um Mapa - Statistics

Estatísticas Gerais
  • Esse quiz foi jogado 36 vezes
  • A pontuação média é 10 de 17
Respostas no mapa
Respostas codificadas por cores de uma escala verde-vermelha no mapa do quiz de acordo com a % correta abaixo.
 
Estatísticas das Respostas
Distrito % Correto
Aprazível
70%
Aracatiaçu
70%
Bonfim
70%
Jaibaras
70%
Taperuaba
70%
Jordão
65%
São José do Torto
65%
Caracará
60%
Rafael Arruda
60%
Sobral
60%
Patriarca
55%
Patos
50%
Pedra de Fogo
50%
Caioca
45%
Salgado dos Machados
35%
Bilheira
30%
Baracho
25%
Nenhum quiz correspondente encontrado
Distribuição das Pontuações
Porcentagem de Pessoas com Cada Pontuação
Percentil de Números Respondidos
Sua Pontuação Histórica
Você não jogou esse quiz